000 00300nam a22001337a 4500
008 180301b xxu||||| |||| 00| 0 eng d
020 _a9780538866897
041 _aeng
080 _a336
100 _a56
101 _aFIN
245 _aFinancial Statement Analysis
_cGibson, CH.H
942 _2udc
_cBK
999 _c43749
_d43749